000 00747nam a2200241Ia 4500
003 OSt
005 20220928130546.0
006 a|||||r|||| 00| 0
007 ta
008 220927b |||||||| |||| 00| 0 eng d
024 _a34862
037 _cTextual
040 _aSDCL
_cSDCL
_beng
041 _2eng
_aeng
082 _aT35-4.73'N7, L6
100 _aSpaulding Seth
_9474578
245 0 _aWorld's students in the United States
_b A review and evaluation of research on foreign students.
260 _aNew York
_b Prager Publishers
_c1976
300 _axxi,520p.
_ccm.
700 _a Flack Michael J
_9474579
942 _hT35-4.73'N7, L6
_cTEXL
_2CC
999 _c787139
_d787139